[Event "Veyangoda Queenstar op"]
[Site "Veyangoda"]
[Date "2023.04.16"]
[Round "2"]
[White "Shagiththiah, K."]
[Black "Liyanapathirana, Pasan Vindula"]
[Result "0-1"]
[WhiteElo "1155"]
[BlackElo "1897"]
[PlyCount "90"]
[EventDate "2023.04.16"]
[EventType "swiss"]
[EventRounds "9"]
[EventCountry "SRI"]
[SourceTitle "EXT 2024"]
[Source "ChessBase"]
[SourceDate "2023.10.10"]
[SourceVersion "1"]
[SourceVersionDate "2023.10.10"]
[SourceQuality "1"]

1. e4 e5 2. Nf3 Nc6 3. Bc4 Nf6 4. d3 Bc5 5. Bg5 d6 6. h3 h6 7. Bxf6 Qxf6 8. Nc3 Ne7 9. Ne2 Ng6 10. c3 Nh4 11. Nxh4 Qxf2+ 12. Kd2 Qxh4 13. Qf1 Be6 14. Bb3 0-0 15. Qf3 Bxb3 16. axb3 f5 17. Rhf1 fxe4 18. Qxe4 Qg5+ 19. Kc2 c6 20. b4 d5 21. Qg4 Qxg4 22. hxg4 Bf2 23. Rad1 Rae8 24. Rh1 e4 25. d4 Be3 26. Rdf1 Rxf1 27. Rxf1 Rf8 28. Rxf8+ Kxf8 29. Ng3 g6 30. Kd1 Kf7 31. Nf1 Bf4 32. Ke2 Kf6 33. g3 Bd6 34. Kf2 b6 35. Ne3 Ke6 36. b3 Be7 37. Nc2 a6 38. c4 dxc4 39. bxc4 b5 40. Ke3 bxc4 41. Kxe4 Bd6 42. Kf3 Kd5 43. Ke3 Bxg3 44. Kd2 Bf2 45. Kc3 h5 0-1